000 00567nam a22001337a 4500
040 _cRUA
082 _aAGR ONG 2009 B042 Or.1
100 _aONG, PISETH.
245 _aeffect of wood vinegar on nutrient release from cow dung (ឥទ្ធិពលនៃទឹកខ្មេះឈើលើការបញ្ចេញសារធាតុចិញ្ចឹមពីលាមកគោ)
260 _aPhnom Penh
_bRUA
_c2009
300 _axii, 58p.
_bill.
_c29cm.
856 _uhttps://drive.google.com/file/d/1a6fnIC61w6J0f9o22LIzrD9nrjrVJzjF/view?usp=sharing
942 _cAGR
999 _c938
_d938